| 000 | 00798nam a2200229 a 4500 | ||
|---|---|---|---|
| 001 | BRCA_1569 | ||
| 005 | 20190320203455.0 | ||
| 008 | 030625s2003 mx-a---##b---#000-0bspa-d | ||
| 020 | _a968484557X | ||
| 040 |
_aDLC _cDLC |
||
| 050 | 4 |
_aN6559.A4 _b.A43 2003 |
|
| 100 | 1 |
_aAlbarrán y Favela, Luz María _95017 |
|
| 245 | 1 | 0 |
_aLuis Albarrán y Pliego _bescultor, pintor y orfebre 1893-1967 _cLuz María Albarrán y Favela. |
| 260 |
_a[Toluca, México] _bInstituto Mexiquense de Cultura _c2002 |
||
| 300 |
_a166 p. _bil. _c26 cm. |
||
| 500 | _aIncluye cronología y lista de obra | ||
| 504 | _aBibliografía: p. 157-166 | ||
| 600 | 1 | 4 |
_aAlbarrán y Pliego, Luis _d1893-1967 _95018 |
| 650 | 1 | 4 |
_aArtistas _vBiografía _zEstado de México _95019 |
| 650 | 1 | 4 |
_aCharrería en el arte _95020 |
| 942 |
_2lcc _cB |
||
| 999 |
_c1403 _d1403 |
||